000 00458nam a22001577a 4500
020 _a01344805LL025
082 _a551.480724
_bSIN
_cL-18, P-22
100 _aSingh, Vijay P
_940322
245 _aHydrologic system /
_cVijay P Singh
260 _aNew Jarsey
_bPrentice Hall, Englewood
_c1988.
300 _axiii, 480 p. :
526 _a0
_b0
_c0
_d551_480724000000000_SIN
526 _a0
_b0
_c0
_d551_480724000000000_SIN
650 _aMCE
_9379
942 _2ddc
_cBK
999 _c544647
_d544647